"Wojownicy ucieczka w dzicz". Spis kotów Klanu Pioruna - Statystyki

Ogólne statystyki
  • Ten quiz został rozwiązany 91 razy
  • Średni wynik to 15 z 25
Statystyki odpowiedzi
Rola Odpowiedź % Poprawnych
Przywódca Błękitna Gwiazda
98%
Medyczka Nakrapiany Liść
94%
Zastępca Rudy Ogon
87%
Uczeń Szara Łapa
87%
Wojownik Lwie Serce
83%
Uczeń Piaskowa Łapa
81%
Wojownik Tygrysi Pazur
81%
Uczeń Krucza Łapa
79%
Uczeń Ognista Łapa
77%
Uczeń Zakurzona Łapa
74%
Wojownik Długi Ogon
68%
Wojownik Mysie Futro
66%
Starszyzna Jedno Oko
62%
Wojownik Ciemna Pręga
60%
Karmicelka Zloty Kwiat
60%
Starszyzna Małe Ucho
51%
Karmicelka Nakrapiany Ogon
47%
Karmicelka Brązowy Pysk
45%
Wojownik Szybki Wiatr
45%
Karmicelka Oszronione Futro
38%
Starszyzna Obcięty Ogon
36%
Wojownik Wierzbowa Skóra
34%
Wojownik Biała Burza
30%
Starszyzna Łaciata Skóra
30%
Starszyzna Pstrokaty Ogon
30%
Nie znaleziono quizów pasujących do podanych kryteriów
Rozkład punktacji
Procent ludzi z każdym wynikiem
Percentyl według liczby udzielonych odpowiedzi
Twoja historia wyników
Nie rozwiązałeś tego quizu